Development of hydroponic cultivation techniques of sweet pepper (capsicum annuum l.) for tropical areas / (Record no. 9563)

MARC details
000 -LEADER
fixed length control field 00835nam a22002297a 4500
001 - CONTROL NUMBER
control field BD-DhSAU 9563
003 - CONTROL NUMBER IDENTIFIER
control field BD-DhSAU
005 - DATE AND TIME OF LATEST TRANSACTION
control field 20190225134204.0
008 - FIXED-LENGTH DATA ELEMENTS--GENERAL INFORMATION
fixed length control field 150620b2013 ja a||||r|||| 000 0 eng d
040 ## - CATALOGING SOURCE
Original cataloging agency BD-DhSAU
082 ## - DEWEY DECIMAL CLASSIFICATION NUMBER
Edition number 22
Classification number 635
Item number R1294
100 ## - MAIN ENTRY--PERSONAL NAME
Personal name Rahman, Md. Jahedur
245 ## - TITLE STATEMENT
Title Development of hydroponic cultivation techniques of sweet pepper (capsicum annuum l.) for tropical areas /
Remainder of title Ph.D. Thesis
Statement of responsibility, etc. by Md Jahedur Rahman.
260 ## - PUBLICATION, DISTRIBUTION, ETC. (IMPRINT)
Place of publication, distribution, etc. University of Miyazaki :
Name of publisher, distributor, etc. Department of Environment and Resource Science,
Date of publication, distribution, etc. 2013.
300 ## - PHYSICAL DESCRIPTION
Extent xx, 192 p. :
Other physical details ill. ;
Dimensions 30 cm.
500 ## - GENERAL NOTE
General note Ph.D thesis of Department Environment and Resource, University of Miyazaki, Japan<br/>
590 ## - Name of Cataloguer
Name of Cataloger joy
650 ## - SUBJECT ADDED ENTRY--TOPICAL TERM
Topical term or geographic name as entry element Horticulture.
650 ## - SUBJECT ADDED ENTRY--TOPICAL TERM
Topical term or geographic name as entry element Hydroponic cultivation
700 ## - ADDED ENTRY--PERSONAL NAME
Personal name Inden, Haruhisa
Relator term Supervisor
942 ## - ADDED ENTRY ELEMENTS (KOHA)
Source of classification or shelving scheme Dewey Decimal Classification
Koha item type PhD Thesis
Holdings
Withdrawn status Lost status Source of classification or shelving scheme Damaged status Not for loan Collection code Home library Branch Name Shelving location Date acquired Total Checkouts Full call number Barcode Date last seen Price effective from Koha item type
    Dewey Decimal Classification   Not For Loan Reference SAU Library SAU Library Reference 20/06/2015   635 R1294 39049 20/06/2015 20/06/2015 MS Level Thesis